000 00969nas a2200301 4500
001 BR2011007600
003 BR-BrBNA
005 20231205115808.0
007 ta
008 230509b bl.|||p| |||| 00| 00por d
040 _aBR-BrBNA
_bpor
_cBiblioteca Nacional de Agricultura
041 _a(En)
072 _aL53
100 1 _aSales, J.N. de S.
100 1 _aDias, L.M.K.
100 1 _aFranci, C.R.
100 1 _aRocha, A.A.
100 1 _aCardoso, G.G.
100 1 _aSouza, J.C.
245 1 _aProgesterone production in superovulated holstein heifers and in crossbred recipient of embryo supplemented with betacarotene and tocopherol
650 _aGADO HOLANDÊS
650 _aREPRODUÇÃO ANIMAL
650 _aTRANSFERÊNCIA DE EMBRIÃO
650 _aVITAMINA
773 0 _tCiência e Agrotecnologia (Brazil)
_xISSN 1413-7054
_g(Jul-Aug 2011), v. 35(4) p. 817-825
_wBR2011007600
909 _a202311
_bLúcia
_c55
_dLúcia Elande
942 _2AGRIS
_n0
_cANA
999 _c215730
_d215730